00521nam a2200181Ia 4500003000900000008004100009020002200050040001600072080001500088100001900103245006500122260004200187300001600229650002400245650002500269650002100294650002400315IN-BaIIA211028s9999 xx 000 0 eng d a978-0-471-29335-4 cIIA Library a524.5bSPI aSpitzer, Lyman 0aPhysical processes in the interstellar mediumcLyman Spitzer aWeinheimbWiley-VCH Verlag Gmbhc2004 axvii, 318p. aInterstellar Matter aKinetic Equillibrium alastic Collision aRadiative Processes